[Event "IECC P email"]
[Site "IECC email"]
[Date "2000.10.07"]
[Round "?"]
[White "Magalhaes, Joao Flavio"]
[Black "Dam Hansen, Jeannette"]
[Result "0-1"]
[WhiteElo "1501"]
[BlackElo "1349"]
[PlyCount "88"]
[EventDate "2000.??.??"]
[EventType "tourn (corr)"]
[EventRounds "6"]
[SourceTitle "Corr 2008"]
[Source "ChessBase"]
[SourceDate "2008.06.24"]
[SourceVersion "1"]
[SourceVersionDate "2008.06.24"]
[SourceQuality "1"]

1. d4 d5 2. Nf3 Bf5 3. g3 e6 4. Bg2 Nc6 5. a3 Nf6 6. Nc3 a6 7. Bf4 h6 8. Nh4 Bh7 9. Nf3 Bd6 10. Bxd6 cxd6 11. e3 Qb6 12. b4 Qc7 13. Ne2 Ne7 14. c3 0-0 15. 0-0 Rfc8 16. Re1 a5 17. bxa5 Ne4 18. Qb3 Nc6 19. Nh4 Nxa5 20. Qb4 Nxc3 21. Nxc3 Qxc3 22. Qxc3 Rxc3 23. Bf1 Rac8 24. Bb5 Nb3 25. Ra2 Nc1 26. Ra1 g5 27. Ng2 Be4 28. Rf1 Kg7 29. f3 Bg6 30. a4 b6 31. h4 Nb3 32. Rae1 e5 33. hxg5 hxg5 34. dxe5 dxe5 35. Rf2 d4 36. f4 d3 37. fxe5 d2 38. Ref1 Rc1 39. Be2 Nc5 40. Bd1 Ne4 41. Rf3 g4 42. R3f2 Nxf2 43. Kxf2 Bd3 44. Rg1 Rxd1 0-1

[Event "IECC O email"]
[Site "IECC email"]
[Date "2000.02.20"]
[Round "?"]
[White "Baldassaro, Paige"]
[Black "Dam Hansen, Jeannette"]
[Result "0-1"]
[WhiteElo "1200"]
[BlackElo "1157"]
[PlyCount "44"]
[EventDate "2000.??.??"]
[EventType "tourn (corr)"]
[EventRounds "6"]
[SourceTitle "Corr 2008"]
[Source "ChessBase"]
[SourceDate "2008.06.24"]
[SourceVersion "1"]
[SourceVersionDate "2008.06.24"]
[SourceQuality "1"]

1. e4 e5 2. Nf3 Nc6 3. Bc4 Nf6 4. 0-0 Nxe4 5. Qe2 d5 6. Bb5 f6 7. Bxc6+ bxc6 8. d3 Nd6 9. Be3 Be7 10. Nc3 d4 11. Bxd4 exd4 12. Nxd4 Bd7 13. b4 0-0 14. a4 Nf7 15. b5 cxb5 16. axb5 Re8 17. Qd2 Bb4 18. Ra4 Qe7 19. Nc6 Bxc6 20. bxc6 a5 21. Raa1 Qd6 22. Rae1 Qxc6 0-1

[Event "IECC Y2KO email"]
[Site "IECC email"]
[Date "1999.10.14"]
[Round "?"]
[White "Dam Hansen, Jeannette"]
[Black "Roberts, David Llewelyn"]
[Result "1-0"]
[WhiteElo "1227"]
[BlackElo "1697"]
[PlyCount "107"]
[EventDate "1999.??.??"]
[EventType "tourn (corr)"]
[EventRounds "2"]
[SourceTitle "Corr 2008"]
[Source "ChessBase"]
[SourceDate "2008.06.24"]
[SourceVersion "1"]
[SourceVersionDate "2008.06.24"]
[SourceQuality "1"]

1. d4 Nf6 2. Nf3 e6 3. Bf4 c5 4. e3 Be7 5. dxc5 Bxc5 6. Nbd2 Nc6 7. Bd3 b6 8. 0-0 Bb7 9. Nb3 Be7 10. Nbd4 0-0 11. c4 Rc8 12. Nxc6 Bxc6 13. Nd4 Bb7 14. Nb5 a6 15. Nd6 Bxd6 16. Bxd6 Re8 17. Qa4 e5 18. Rfd1 Re6 19. Bf5 Re8 20. f3 g6 21. Bh3 Bc6 22. Qb3 Nh5 23. Rac1 Ng7 24. e4 Nh5 25. g3 Qg5 26. Qxb6 f5 27. Rc3 Nf4 28. Bf1 fxe4 29. fxe4 Bxe4 30. Re1 Rc6 31. Qb4 a5 32. Qa3 Bf5 33. Rxe5 Rxe5 34. Bxe5 Nh3+ 35. Bxh3 Bxh3 36. Qxa5 Qf5 37. Qd5+ Re6 38. Qa8+ Kf7 39. Rf3 Rxe5 40. Kf2 Qxf3+ 41. Kxf3 Be6 42. b3 Rf5+ 43. Ke3 Rh5 44. h4 Re5+ 45. Kd4 Re1 46. a4 Rd1+ 47. Kc5 Rd3 48. Qb8 d6+ 49. Kc6 Rxg3 50. Qa7+ Kg8 51. Kxd6 Bf5 52. Ke7 Kg7 53. Qd4+ Kg8 54. Qd8+ 1-0

[Event "IECC Y2KO email"]
[Site "IECC email"]
[Date "1999.10.14"]
[Round "?"]
[White "Roberts, David Llewelyn"]
[Black "Dam Hansen, Jeannette"]
[Result "0-1"]
[WhiteElo "1728"]
[BlackElo "1196"]
[PlyCount "94"]
[EventDate "1999.??.??"]
[EventType "tourn (corr)"]
[EventRounds "2"]
[SourceTitle "Corr 2008"]
[Source "ChessBase"]
[SourceDate "2008.06.24"]
[SourceVersion "1"]
[SourceVersionDate "2008.06.24"]
[SourceQuality "1"]

1. e4 e5 2. Nf3 Nf6 3. Nxe5 d6 4. Nf3 Nxe4 5. d4 d5 6. Bd3 Be7 7. 0-0 0-0 8. c4 Bf5 9. Re1 Bb4 10. Re2 c6 11. a3 Bd6 12. Be3 dxc4 13. Bxc4 Nd7 14. Nc3 Qc7 15. h3 Rae8 16. Rc1 Nb6 17. Ba2 Nxc3 18. Rxc3 Be4 19. Ng5 Bd5 20. Bb1 f5 21. Bc1 Bh2+ 22. Kh1 g6 23. Nf3 Bf4 24. Bxf4 Qxf4 25. Ne5 Re6 26. b4 Rfe8 27. Rce3 Qh4 28. Rg3 f4 29. Rg4 Qxh3+ 30. Kg1 Bxg2 31. Rxg2 f3 32. Rg3 fxe2 33. Qxe2 Qh6 34. Bf5 Qc1+ 35. Kh2 Rd6 36. Qh5 Qf4 37. Nxg6 Qxf2+ 38. Rg2 hxg6 39. Bxg6 Qf4+ 40. Rg3 Ra8 41. Bd3+ Kf8 42. Kg2 Rh6 43. Qc5+ Kf7 44. Bf5 Nd5 45. Bh3 Ne3+ 46. Rxe3 Rg8+ 47. Kh1 Qf1+ 0-1

[Event "IECC M email"]
[Site "IECC email"]
[Date "1999.05.13"]
[Round "?"]
[White "Dam Hansen, Jeannette"]
[Black "Brown, Tony R"]
[Result "0-1"]
[WhiteElo "1213"]
[BlackElo "1207"]
[PlyCount "194"]
[EventDate "1999.??.??"]
[EventType "tourn (corr)"]
[EventRounds "6"]
[SourceTitle "Corr 2008"]
[Source "ChessBase"]
[SourceDate "2008.06.24"]
[SourceVersion "1"]
[SourceVersionDate "2008.06.24"]
[SourceQuality "1"]

1. e4 e5 2. Nf3 Nc6 3. Nc3 d6 4. d3 Nf6 5. Be2 Be7 6. 0-0 d5 7. Nxd5 Nxd5 8. exd5 Qxd5 9. c4 Qd6 10. Be3 Qg6 11. Kh1 0-0 12. d4 exd4 13. Nxd4 Nxd4 14. Qxd4 Bf6 15. Qc5 Bxb2 16. Rab1 Qc2 17. Rfd1 Qxe2 18. Re1 Ba3 19. Qxf8+ Bxf8 20. Rxe2 b6 21. Bf4 Be6 22. Bxc7 Rc8 23. Bg3 Rxc4 24. h3 Rd4 25. Ra1 b5 26. f3 a5 27. Kh2 b4 28. Be5 Rd5 29. f4 a4 30. g4 h5 31. Rg2 hxg4 32. hxg4 f6 33. Bc7 Rd7 34. Rc1 a3 35. Ba5 Bd6 36. Rf2 g5 37. Kg2 gxf4 38. Rd1 b3 39. axb3 Bxb3 40. Rd4 a2 41. Bc3 Be5 42. Rxd7 Bxc3 43. Ra7 a1Q 44. Rxa1 Bd5+ 45. Kg1 Bxa1 46. Rxf4 Be5 47. Ra4 Kf7 48. Kf2 Kg6 49. Ra5 Bh1 50. Ke3 Kg5 51. Ra4 Bd5 52. Ra5 Bb7 53. Ra7 Bf4+ 54. Kf2 Bc8 55. Rg7+ Kh6 56. Rg8 Be6 57. Rf8 Be5 58. Ke3 Bxg4 59. Ke4 Kg7 60. Ra8 Kf7 61. Ra6 Ke7 62. Rb6 Bd6 63. Kd5 Bf3+ 64. Kd4 Ke6 65. Rb3 Be5+ 66. Ke3 Bd5 67. Rb1 f5 68. Rb6+ Bd6 69. Kd4 f4 70. Ra6 Bg2 71. Ra2 f3 72. Rc2 Bb8 73. Kd3 Ba7 74. Rc6+ Kd5 75. Rc1 f2 76. Ke2 Ke5 77. Rb1 Bh3 78. Rh1 Bg4+ 79. Kd2 Ke4 80. Rf1 Be3+ 81. Kc3 Be2 82. Rxf2 Bxf2 83. Kb3 Be1 84. Ka3 Ke3 85. Ka4 Kd4 86. Kb3 Bd1+ 87. Kb2 Kc4 88. Kc1 Bb3 89. Kb2 Bc3+ 90. Ka3 Bb4+ 91. Kb2 Bc5 92. Kb1 Kc3 93. Kc1 Ba3+ 94. Kb1 Bc4 95. Ka1 Kb3 96. Kb1 Bd3+ 97. Ka1 Bb2# 0-1

[Event "IECC P email"]
[Site "IECC email"]
[Date "1999.02.24"]
[Round "?"]
[White "Dam Hansen, Jeannette"]
[Black "Brown, Tony R"]
[Result "1-0"]
[WhiteElo "1019"]
[BlackElo "1133"]
[PlyCount "81"]
[EventDate "1999.??.??"]
[EventType "tourn (corr)"]
[EventRounds "6"]
[SourceTitle "Corr 2008"]
[Source "ChessBase"]
[SourceDate "2008.06.24"]
[SourceVersion "1"]
[SourceVersionDate "2008.06.24"]
[SourceQuality "1"]

1. d4 Nf6 2. Nd2 d5 3. Ngf3 e6 4. c4 c6 5. e3 Bd6 6. Bd3 b6 7. 0-0 0-0 8. e4 dxe4 9. Nxe4 Nxe4 10. Bxe4 Ba6 11. Qc2 h6 12. Re1 Bb7 13. c5 Be7 14. Bf4 Nd7 15. Rad1 Nf6 16. Ne5 Nxe4 17. Qxe4 Rc8 18. Qc2 Qd5 19. b4 Rfd8 20. a3 Bf6 21. Qd3 Ba6 22. Qxa6 Ra8 23. Qd3 b5 24. Qg3 h5 25. h4 a5 26. bxa5 Rxa5 27. Rd3 Ra4 28. Red1 Rda8 29. Bg5 Bxg5 30. hxg5 R4a6 31. g6 f6 32. Nf3 Ra4 33. Ra1 e5 34. Re1 e4 35. Rde3 f5 36. Qh2 b4 37. axb4 Ra1 38. Qxh5 exf3 39. Rxa1 Rxa1+ 40. Kh2 Ra8 41. Rxf3 1-0